Detalles MARC
| 000 -LIDER |
| fixed length control field |
01092nam a2200253 a 4500 |
| 001 - NÚMERO DE CONTROL |
| Identificador de número de control |
000025917 |
| 003 - IDENTIFICACDOR DE NÚMERO DE CONTROL |
| control field |
DO-SdBNP |
| 005 - DATE AND TIME OF LATEST TRANSACTION |
| control field |
20180409131123.0 |
| 007 - CAMPOS FIJOS DE DESCRIPCIÓN FÍSICA |
| fixed length control field |
000025917 |
| 008 - ELEMENTOS DE LONGITUD FIJA |
| fixed length control field |
110224s2005 dr 000 0 spa d |
| 040 ## - FUENTE DE CATALOGACIÓN |
| Agencia que crea de manera original el registro |
BPMET |
| Idioma de catalogación |
spa |
| Agencia que realiza la transcripción |
BPMET |
| 092 ## - LOCALLY ASSIGNED DEWEY DECIMAL CALL NUMBER |
| Número de clasificación |
R016.86 |
| Número de ítem (Cutter) |
D722o |
| 245 00 - MENCIÓN DE TITULO |
| Título |
225 obras recomendables de la literatura dominicana : |
| Subtítulo |
guía preliminar de lectura para maestros y estudiantes / |
| Mención de responsabilidad |
Selección y redacción Miguel Collado. |
| 246 00 - VARIACION DEL TÍTULO |
| Título propiamente dicho o título corto |
Doscientos veinticinco obras recomendables de la literatura dominicana: guía preliminar de lectura para maestros y estudiantes |
| 246 00 - VARIACION DEL TÍTULO |
| Título propiamente dicho o título corto |
Guía preliminar de lectura para maestros y estudiantes |
| 260 ## - PUBLICACIÓN, DISTRIBUCIÓN, ETC. (PIE DE IMPRENTA) |
| Lugar de publicación, distribución, etc |
Santo Domingo : |
| Nombre del editor, distribuidor, etc. |
Secretaría de Estado de Educación ; |
| -- |
Dirección General de Cultura, |
| Fecha de publicación, distribución, etc |
2005. |
| 300 ## - DESCRIPCIÓN FÍSICA |
| Extensión |
34 p. ; |
| Dimensiones |
23 cm. |
| 500 ## - NOTA GENERAL |
| Nota general |
Incluye datos biográficos del compilador en la contracubierta |
| 650 #4 - ENCABEZAMIENTO DE MATERIA--TEMÁTICO |
| Término temático o nombre geográfico como elemento de entrada |
LITERATURA DOMINICANA |
| Subdivisión temática general |
BIBLIOGRAFÍAS |
| 700 1# - ASIENTO SECUNDARIO -- NOMBRE PERSONAL |
| Nombre personal |
Collado, Miguel |
| Término de relación |
comp. |
| 942 ## - ADDED ENTRY ELEMENTS (KOHA) |
| Source of classification or shelving scheme |
Dewey Decimal Classification |
| Koha item type |
Libros |
| 945 ## - INFORMACIÓN DE PROCESAMIENTO LOCAL |
| Información de procesamiento local |
Remanejado para la BNPHU / 2018 |
| 956 ## - LOCAL ELECTRONIC LOCATION AND ACCESS (OCLC) |
| Nombre de host |
VMATEO |
| Número de acceso |
10 |
| Información de compresión |
20150306 |
| Inicio de sesión |
BNPHU |
| Procesador de solicitud |
00151 |